IMF Economic Review [ Official Research Journal of the International Monetary Fund]

Saved in:
Bibliographic Details
Format: Serial
Language:English
Published: New York Palgrave Macmillan 2015
Subjects:
Tags: Add Tag
No Tags, Be the first to tag this record!

MARC

LEADER 00000nas2a2200000 4500
001 0261988
005 20200131082113.4
022 |a 2041-4161 
041 0 |a eng 
044 |a US 
245 1 0 |a IMF Economic Review  |b [ Official Research Journal of the International Monetary Fund] 
264 1 |a New York  |b Palgrave Macmillan  |c 2015 
773 0 |w eu_un_cat*0141960 
610 2 0 |a financie medzinárodné 
610 2 0 |a makroekonomika 
610 2 0 |a obchod medzinárodný 
610 2 0 |a ekonómia politická 
610 2 0 |a trh práce 
610 2 0 |a vývoj hospodársky